000 00524cam a2200205ua 4500
001 4254
008 111222n ii |||gr||||Z||||||asm
040 _cMAIN
082 _a324
100 _aBasu, Syamal,
245 1 1 _aKiya ane hall
_cby Syamal Basu
250 _a1st.
260 _aKolkata:
_bReflect Publication,977.
300 _a166p:
_c23cm.
653 _aPolitical science
653 _aElection politics
700 _aGoswami, Nagendra Nath,
_eEditor.,
700 _aBarman, Surjya Kumar,
_eEditor.,
942 _cBK
999 _c4075
_d4075